Too many tamales / (Record no. 2919)

MARC details
000 -LEADER
fixed length control field 00939pam a2200277 a 4500
005 - DATE AND TIME OF LATEST TRANSACTION
control field 20260324084846.0
020 ## - INTERNATIONAL STANDARD BOOK NUMBER
International Standard Book Number 0590226509
040 ## - CATALOGING SOURCE
Original cataloging agency DLC
Transcribing agency DLC
Modifying agency DLC
Language of cataloging eng
050 00 - LIBRARY OF CONGRESS CALL NUMBER
Classification number PZ7.S7242
082 00 - DEWEY DECIMAL CLASSIFICATION NUMBER
Classification number 613
100 1# - MAIN ENTRY--PERSONAL NAME
Personal name Soto, Gary
245 10 - TITLE STATEMENT
Title Too many tamales /
Statement of responsibility, etc. Gary Soto ; illustrated by Ed Martinez.
260 ## - PUBLICATION, DISTRIBUTION, ETC.
Place of publication, distribution, etc. New York :
Name of publisher, distributor, etc. Scholastic ;
Date of publication, distribution, etc. 1993
300 ## - PHYSICAL DESCRIPTION
Extent 30 unnumbered pages :
Other physical details color illustrations ;
Dimensions 29 cm.
505 ## - FORMATTED CONTENTS NOTE
Formatted contents note N <br/>
520 ## - SUMMARY, ETC.
Summary, etc. Maria tries on her mother's wedding ring while helping make tamales for a Christmas family get-together. Panic ensues when hours later, she realizes the ring is missing.
521 ## - TARGET AUDIENCE NOTE
Target audience note 570<br/>
Source Lexile <br/>
521 ## - TARGET AUDIENCE NOTE
Target audience note N <br/>
Source Raz-Plus <br/>
650 #1 - SUBJECT ADDED ENTRY--TOPICAL TERM
Topical term or geographic name entry element Christmas
General subdivision Fiction.
650 #1 - SUBJECT ADDED ENTRY--TOPICAL TERM
Topical term or geographic name entry element Mexican Americans
General subdivision Fiction.
650 #1 - SUBJECT ADDED ENTRY--TOPICAL TERM
Topical term or geographic name entry element Rings
General subdivision Fiction.
700 1# - ADDED ENTRY--PERSONAL NAME
Personal name Martinez, Ed
Relator term illustrator
906 ## - LOCAL DATA ELEMENT F, LDF (RLIN)
a 7
b cbc
c orignew
d 1
e ocip
f 19
g y-gencatlg
942 ## - ADDED ENTRY ELEMENTS (KOHA)
Source of classification or shelving scheme Dewey Decimal Classification
Koha item type Books
Suppress in OPAC No
999 ## -
-- 2919
-- 2919
Holdings
Withdrawn status Lost status Source of classification or shelving scheme Damaged status Not for loan Collection Home library Current library Shelving location Date acquired Total Checkouts Full call number Barcode Date last seen Date last checked out Copy number Price effective from Koha item type
    Dewey Decimal Classification     Juvenile Fiction Footprints International School Library Network Toul Tom Poung Campus Footprints International School Library Network Toul Tom Poung Campus TTP Primary Orange Bookshelves 01/23/2024 1 SOT 613 PZ7.S7242 FISTK02336 02/21/2024 02/05/2024 1 01/23/2024 Books
    Dewey Decimal Classification     Juvenile Fiction Footprints International School Library Network Toul Tom Poung Campus Footprints International School Library Network Toul Tom Poung Campus TTP Primary Orange Bookshelves 08/07/2025   SOT 613 PZ7.S7242 FISTK01490 08/07/2025   2 08/07/2025 Books
    Dewey Decimal Classification     Juvenile Fiction Footprints International School Library Network Toul Tom Poung Campus Footprints International School Library Network Toul Tom Poung Campus TTP Primary Orange Bookshelves 03/24/2026   SOT 613 PZ7.S7242 FISBK057088 03/24/2026   3 03/24/2026 Books